000 00903cam a2200277 i 4500
001 192101
003 SpMaBN
005 20250523062606.0
008 221104s2008 sp | |||| 000 p spa
017 _aM 53335-2008
_bOficina Depósito Legal Madrid
020 _a9788485708796
040 _cSpMaBN
080 _a821.134.2-14"19"
100 1 _aGarcía Calvo, Agustín,
_d1926-2012
_eaut
_9233841
245 1 0 _aY más aún canciones y otros juegos /
_cAgustín García Calvo.
250 _aPrimera edición, diciembre de 2008
260 _aZamora :
_bLucina,
_c2008
300 _a133 páginas ;
_c19 cm.
490 1 _aPoesía
655 7 _aPoesías
_2tgfbne
_9176539
830 1 _aPoesía
_9177794
852 4 _aES-MaACL
_jN-8068
_xDonación: Sabela García
_9199383
_cDEPOJ
_bR. 152837
942 _cMONOGRAFIA
_n0
999 _c192101
_d192101